Central Library OPAC University of Rajshahi

Care in chaos : (Record no. 57850)

MARC details
000 -LEADER
fixed length control field 00981nam a2200301 a 4500
001 - CONTROL NUMBER
control field 57850
003 - CONTROL NUMBER IDENTIFIER
rucl marc code BD-RjUL
005 - DATE AND TIME OF LATEST TRANSACTION
control field 20211209080547.0
008 - FIXED-LENGTH DATA ELEMENTS--GENERAL INFORMATION
fixed length control field 161212s1997 enk b 001 0 eng d
020 ## - INTERNATIONAL STANDARD BOOK NUMBER
International Standard Book Number 030433524X (hb)
International Standard Book Number 0304335258 (pb)
035 ## - SYSTEM CONTROL NUMBER
System control number (BD-RjUL)57974
System control number (CtY)notisFKQ4952
System control number (CStRLIN)CTYAFKQ4952-B
040 ## - CATALOGING SOURCE
Original cataloging agency c CtY
Transcribing agency CtY
Modifying agency BD-RjUL
Language of cataloging eng
041 ## - LANGUAGE CODE
Language code of text/sound track or separate title eng
082 ## - DEWEY DECIMAL CLASSIFICATION NUMBER
Edition number 23
Classification number 361.941
Author mark and year HAC 1997
100 1# - MAIN ENTRY--PERSONAL NAME
Personal name Hadley, Roger.
9 (RLIN) 171833
245 10 - TITLE STATEMENT
Title Care in chaos :
Remainder of title frustration and challenge in community care /
Statement of responsibility, etc. Roger Hadley and Roger Clough ; with a foreword by Helena Kennedy.
260 ## - PUBLICATION, DISTRIBUTION, ETC. (IMPRINT)
Place of publication, distribution, etc. London :
Name of publisher, distributor, etc. Cassell,
Date of publication, distribution, etc. 1997.
300 ## - PHYSICAL DESCRIPTION
Pagination xii, 226 p. ;
Size 25 cm.
504 ## - BIBLIOGRAPHY, ETC. NOTE
Bibliography, etc Includes bibliographical references (p. [212]-215) and index.
650 #0 - SUBJECT ADDED ENTRY--TOPICAL TERM
Topical term or geographic name as entry element Public welfare
Geographic subdivision Great Britain.
9 (RLIN) 171834
700 1# - ADDED ENTRY--PERSONAL NAME
Personal name Clough, Roger.
Personal name Kennedy QC, Helena
942 ## - ADDED ENTRY ELEMENTS (KOHA)
Source of classification or shelving scheme Dewey Decimal Classification
Koha item type Books
Holdings
Lost status Source of classification or shelving scheme Damaged status Not for loan Collection code Permanent Location Current Location Shelving location Date acquired Source of acquisition Cost, normal purchase price Total Checkouts Full call number Date last seen Copy number Koha item type
  Dewey Decimal Classification   Not For Loan Non-fiction Central Library, University of Rajshahi Central Library, University of Rajshahi Reading Room 04/09/2008 Dhaka, Paragon Enterpries Ltd. 33.24   361.941 HAC 1997 12/12/2016 C-1 Books